| 000 | 01126cam a22003138a 4500 | ||
|---|---|---|---|
| 001 | 17314386 | ||
| 005 | 20150219123727.0 | ||
| 008 | 120521t2013 xxua frbd 001 0 eng d | ||
| 010 | _a2012020808 | ||
| 020 | _a9781609137083 | ||
| 020 | _a1609137086 | ||
| 040 |
_aDNLM/DLC _cDLC _dEG-ScBUE |
||
| 082 | 0 | 0 |
_a616.890231 _222 _bPSY |
| 245 | 0 | 0 |
_aPsychiatric-mental health nursing : _bevidence-based concepts, skills, and practices / _c[editor] Wanda K. Mohr. |
| 250 | _a8th ed. | ||
| 260 |
_aPhiladelphia, United States : _bWolters Kluwer / Lippincott Williams & Wilkins Health, _cc.2013 _e([Beijing]) |
||
| 300 |
_axix, 923 p. : _bill. (col.) ; _c28 cm. |
||
| 500 | _aIncludes appendixes. | ||
| 500 | _aGlossary : p. 885-898. | ||
| 500 | _aIndex : p. 899-923. | ||
| 504 | _aIncludes bibliographical references. | ||
| 650 | 1 | 0 |
_aMental Disorders _xnursing _910239 |
| 650 | 2 | 0 |
_aEvidence-based nursing _927247 |
| 650 | 2 | 0 |
_aPsychiatric Nursing _xmethods _910238 |
| 653 |
_bNNUR _cSeptember2014 _cFebruary2015 |
||
| 655 |
_vreading book _934232 |
||
| 700 | 1 |
_aMohr, Wanda K. _936115 _eeditor. |
|
| 942 |
_2ddc _k616.890231 PSY |
||
| 999 |
_c18418 _d18390 |
||